Phenomenological hyperelastic strain-stiffening constitutive models for rubber (Record no. 64875)

MARC details
000 -LEADER
fixed length control field 00418nam a2200133Ia 4500
100 ## - MAIN ENTRY--AUTHOR NAME
Personal name Horgan Cornelius O
245 #0 - TITLE STATEMENT
Title Phenomenological hyperelastic strain-stiffening constitutive models for rubber
260 ## - PUBLICATION, DISTRIBUTION, ETC. (IMPRINT)
Name of publisher Rubber Chemistry and Technology
Year of publication 2006
300 ## - PHYSICAL DESCRIPTION
Number of Pages 152-169
650 ## - SUBJECT ADDED ENTRY--TOPICAL TERM
Topical Term Hyperelastic strain-stiffening
700 ## - ADDED ENTRY--PERSONAL NAME
Personal name Saccomandi Giuseppe
942 ## - ADDED ENTRY ELEMENTS (KOHA)
Koha item type Journals
Holdings
Withdrawn status Lost status Damaged status Not for loan Home library Current library Shelving location Date acquired Serial Enumeration / chronology Koha item type
      Journals RRII Library RRII Library Rubber chemistry 19/09/2006 Volume 79, Issue 1 Journals